02140nam a22003734a 4500001001200000003000800012006001900020007001500039008004100054010001700095020001500112040002100127035002100148050002400169082001600193111014000209245017900349260006100528300003900589490005100628500040300679504004101082533015201123650004201275650004501317650005201362655002901414700002601443710001701469730008501486830005201571856012601623999001701749ebr10071398CaPaEBRm u cr cn|||||||||020116s2001 dcua sb 100 0 eng  z 2002275919 z0309070805 aCaPaEBRcCaPaEBR a(OCoLC)22811113214aQR175b.C655 2000eb04a571.9/62212 aColloquium on Virulence and Defense in Host-Pathogen Interactions: Common Features Between Plants and Animalsd(2000 :cIrvine, Calif.)10aColloquium on Virulence and Defense in Host-Pathogen Interactions :bCommon Features Between Plants and Animalsh[electronic resource] /c[edited by Noel T. Keen ... et al.]. aWashington, D.C. :bNational Academy of Sciences,c2001. ap. 8752-8867 :bill. (some col.).1 aNational Academy of Sciences colloquium series a"Reprinted from the Proceedings of the National Academy of Sciences of America, volume 97, pp. 8752-8862, August 1, 2000, and includes articles from the National Academy of Sciences' Colloquim on Virulence and Defense in Host-Pathogen Interactions: Common Features Between Plants and Animals, held at the Arnold and Mabel Beckman Center in Irvine, California, December 9-11, 1999"--P. [2] of cover. aIncludes bibliographical references. aElectronic reproduction.bPalo Alto, Calif. :cebrary,d2013.nAvailable via World Wide Web.nAccess may be limited to ebrary affiliated libraries. 0aVirulence (Microbiology)vCongresses. 0aHost-parasite relationshipsvCongresses. 0aImmune responsexMolecular aspectsvCongresses. 7aElectronic books.2local1 aKeen, Noel T.,d1940-2 aebrary, Inc.0 aProceedings of the National Academy of Sciences of the United States of America. 0aNational Academy of Sciences colloquium series.40uhttp://site.ebrary.com/lib/rucke/Doc?id=10071398zAn electronic book accessible through the World Wide Web; click to view c33262d33262